| Tag |
First Indicator |
Second Indicator |
Subfields |
| LEADER |
00000ctm a2200000Ma 4500 |
| 001 |
in00000562813 |
| 005 |
20240319143019.0 |
| 008 |
851230s1977 xx a rm 000 0 eng d |
| 019 |
|
|
|a 11509277
|
| 035 |
|
|
|a (OCoLC)ocm65778518
|
| 035 |
|
|
|a (OCoLC)65778518
|z (OCoLC)11509277
|
| 035 |
|
|
|a (OCoLC)ocm65778518
|
| 040 |
|
|
|a UAB
|b eng
|e pn
|c UAB
|d OCLCF
|d OCLCO
|d OCLCQ
|d OCLCO
|d AFU
|d OCL
|d OCLCO
|d OCLCL
|
| 050 |
|
4 |
|a QL737 P9
|b G215 1977
|
| 100 |
1 |
|
|a Gantt, David G.
|
| 245 |
1 |
0 |
|a Enamel of primate teeth :
|b its thickness and structure with reference to functional and phyletic implications /
|c by David G. Gantt.
|
| 264 |
|
0 |
|c 1977.
|
| 300 |
|
|
|a xiv, 403 leaves :
|b illustrations
|
| 336 |
|
|
|a text
|b txt
|2 rdacontent
|
| 337 |
|
|
|a unmediated
|b n
|2 rdamedia
|
| 338 |
|
|
|a volume
|b nc
|2 rdacarrier
|
| 502 |
|
|
|b Ph. D.
|c Washington University (Saint Louis, Mo.)
|
| 533 |
|
|
|a Print reproduction.
|
| 504 |
|
|
|a Includes bibliographical references (leaves 393-403).
|
| 650 |
|
0 |
|a Primates
|x Anatomy.
|
| 650 |
|
0 |
|a Primates
|x Evolution.
|
| 650 |
|
0 |
|a Dental enamel.
|
| 650 |
|
0 |
|a Teeth.
|
| 650 |
|
2 |
|a Dental Enamel
|
| 650 |
|
2 |
|a Tooth
|
| 650 |
|
6 |
|a Primates
|x Anatomie.
|
| 650 |
|
6 |
|a Primates
|x Évolution.
|
| 650 |
|
6 |
|a Émail dentaire.
|
| 650 |
|
6 |
|a Dents.
|
| 650 |
|
7 |
|a teeth (animal components)
|2 aat
|
| 650 |
|
7 |
|a Dental enamel.
|2 fast
|0 (OCoLC)fst00890451
|
| 650 |
|
7 |
|a Primates
|x Anatomy.
|2 fast
|0 (OCoLC)fst01076376
|
| 650 |
|
7 |
|a Primates
|x Evolution.
|2 fast
|0 (OCoLC)fst01076384
|
| 650 |
|
7 |
|a Teeth.
|2 fast
|0 (OCoLC)fst01145710
|
| 655 |
|
2 |
|a Academic Dissertation
|
| 655 |
|
7 |
|a Academic theses.
|2 fast
|0 (OCoLC)fst01726453
|
| 655 |
|
7 |
|a Academic theses.
|2 lcgft
|
| 655 |
|
7 |
|a Thèses et écrits académiques.
|2 rvmgf
|
| 758 |
|
|
|i has work:
|a Enamel of primate teeth (Text)
|1 https://id.oclc.org/worldcat/entity/E39PCFFwHFP3vwHFcMJjDw6PDC
|4 https://id.oclc.org/worldcat/ontology/hasWork
|
| 948 |
|
|
|h HELD BY TXA - 2 OTHER HOLDINGS
|
| 994 |
|
|
|a Z0
|b TXA
|
| 999 |
f |
f |
|s d7cdd104-6cad-38c2-bb19-56c052f8d55b
|i 4d5febdd-254c-3fa9-883e-3ba726426b45
|t 0
|
| 952 |
f |
f |
|p ric
|a Texas A&M University
|b Rellis Campus
|c Joint Library Facility
|d Remote Storage
|t 0
|e GN209 .G34 1977a
|h Library of Congress classification
|i unmediated -- volume
|m A14808241982
|
| 998 |
f |
f |
|a GN209 .G34 1977a
|t 0
|l Remote Storage
|